00634nam a2200169Ia 4500003000900000008004100009020001800050040001600068080002300084245013100107260003000238300001600268490005100284650005700335650005000392700002200442IN-BaIIA211028s9999 xx 000 0 eng d a1-4020-3643-4 cIIA Library a52(082.1)bASS-330 4aThe multinational history of Strasbourg astronomical observatorycedited by Andre Heck  aDordrechtbSpringerc2005 aviii, 310p. aAstrophysics and space science library; v. 330 aAstronomy - Research - France - Strasbourg - History aObservatories - history - Strasbourg (France) aHeck, Andre .,ed.